Una Aproximación al Desarrollo de la Ciencia en Colombia. Siglo XIX / (Record no. 23065)

000 -CABECERA
fixed length control field 01304nam a22002657i 4500
003 - IDENTIFICADOR DEL NÚMERO DE CONTROL
control field AR-CdUCM
008 - DATOS DE LONGITUD FIJA--INFORMACIÓN GENERAL
fixed length control field 240918b20172017 pe||||| |||| 00| 0 spa d
020 ## - NÚMERO INTERNACIONAL ESTÁNDAR DEL LIBRO
ISBN 978-956-307-080-4
040 ## - FUENTE DE LA CATALOGACIÓN
Agencia/entidad que catalogó originalmente la obra MUNICIPALIDAD PROVINCIAL DEL CUSCO
Entidad que transcribió la catalogación BIBLIOTECA MUNICIPAL DEL CUSCO
082 ## - NÚMERO DE LA CLASIFICACIÓN DECIMAL DEWEY
No. de Clasificación 508.63 / S18
Notacion interna S18
100 ## - ENTRADA PRINCIPAL--NOMBRE DE PERSONA
Nombre Personal Saldivia Maldonado, Zenobio (Compilador)
245 ## - MENCIÓN DE TÍTULO
Título Una Aproximación al Desarrollo de la Ciencia en Colombia. Siglo XIX /
260 ## - PUBLICACIÓN, DISTRIBUCIÓN, ETC.
Lugar de publicación, distribución, etc. Chile :
Nombre de la editorial, distribuidor, etc. Bravo y Allende Editores.
Fecha de publicación, distribución, etc. 2017
300 ## - DESCRIPCIÓN FÍSICA
Nº de Páginas Extensión 2449 páginas. :
Dimensiones 21 cm.
500 ## - NOTA GENERAL
Bibliografía Bibliografía : 227-245 páginas.
505 ## - NOTA DE CONTENIDO CON FORMATO
Nota de contenido formateada José Celestino Mutis y los Albores de la ciencia en Colombia -- Francisco José de Caldas: Entre la Astronomía y la Botánica en los Inicios de la Republica de Colombia -- Alexander Von Humboldt, su derrotero por Colombia y su mirada científica -- Agustín Codazzi y su aportes cognitivos en la republica de Colombia -- Antonio María Vargas Reyes: El precursor de la Medicina Colombiana.
650 ## - PUNTO DE ACCESO ADICIONAL DE MATERIA--TÉRMINO DE MATERIA
Descriptor Ciencia en Colombia
9 (RLIN) 50536
650 ## - PUNTO DE ACCESO ADICIONAL DE MATERIA--TÉRMINO DE MATERIA
Descriptor Astronomía y botanica
9 (RLIN) 50537
650 ## - PUNTO DE ACCESO ADICIONAL DE MATERIA--TÉRMINO DE MATERIA
Descriptor Aportes cognitivos
9 (RLIN) 50538
650 ## - PUNTO DE ACCESO ADICIONAL DE MATERIA--TÉRMINO DE MATERIA
Descriptor Aportes de la ciencia colombiana
9 (RLIN) 50539
650 ## - PUNTO DE ACCESO ADICIONAL DE MATERIA--TÉRMINO DE MATERIA
Descriptor Análisis epistemológicos
9 (RLIN) 50540
942 ## - ELEMENTOS DE PUNTO DE ACCESO ADICIONAL (KOHA)
Fuente de clasificación
Tipo de item Libros-BMC
945 ## - PROCESAMIENTO DE INFORMACIÓN LOCAL (OCLC)
Catalogador pbj
AAAA-MM-DD - Fecha de ingreso o modificacion 2024/09/18
Holdings
Estado de retiro (separado) Fuente de clasificación o esquema de estanterías Estado dañado Ubicación Sala donde se ubica Nombre de la colección Fecha de adquisición o compra Fuente de adquisición Costo, precio normal en soles Signatura topográfica Código de Barras Última vez visto (Koha) Tipo de ítem (Koha)
No     Sala Ciencias Sala Ciencias Book Cart 2024-09-18 Donación 20.00 508.63 / S18 SC0000002419 2024-09-18 Libros-BMC

Powered by Koha